| 000 | 00668nam a2200229 a 4500 | ||
|---|---|---|---|
| 001 | 000012631 | ||
| 005 | 20200929163041.0 | ||
| 008 | 091113s1985 sp a 000 j spa d | ||
| 020 | _a8435507335 | ||
| 040 |
_aDO-SdBNP _bspa _cBNPHU |
||
| 082 |
_a863.64 _bA454m |
||
| 100 | 1 |
_aAlonso, Fernando, _d1941- _929392 |
|
| 245 | 1 | 3 |
_aEl misterioso influjo de la barquillera / _cFernando Alonso. |
| 260 |
_aValladolid, España : _bMiñon, _c1985. |
||
| 300 |
_a94 p. : _bil. ; _c19 cm. |
||
| 490 | 1 |
_aLas campanas _v63 |
|
| 650 | 4 |
_aCuentos españoles _93194 |
|
| 650 | 4 |
_aLiteratura española _9632 |
|
| 830 | 4 |
_aLas campanas ; _v63 _929393 |
|
| 910 | _aWM | ||
| 049 | _aBNGR | ||
| 999 |
_c12284 _d12284 |
||